Statistics for All London Underground Lines

Click here to take the quiz!

General Stats

  • This quiz has been taken 81 times
    (77 since last reset)
  • The average score is 10 of 11

Answer Stats

Answer% Correct
Circle
94%
Central
92%
Bakerloo
91%
Piccadilly
91%
District
88%
Northern
88%
Hammersmith and City
86%
Jubilee
86%
Metropolitan
85%
Waterloo and City
85%
Victoria
82%

Score Distribution

Percentile by Number Answered

Percent of People with Each Score

Your Score History

You have not taken this quiz since the last reset